000 01180cam a2200325 4500
008 090401t1997 xxu||||| |||| 00| 0 eng d
020 _a0113613482
035 _a(Sirsi) u81138
041 _aeng
050 _a658.2
110 _aFurther Education Funding Council for England
_91483
245 _aEffective facilities management: a good practice guide.
260 _aLondon
_bStationery Office
_c1997
300 _avii,151p. ; 30cm.
350 _a16.95
520 _aA good practice guide, commissioned by the FEFC and the NAO and prepared by the University of Reading in association with FBA Limited, which looks at how facilities management applies to colleges. Includes checklists and case studies.
650 _aBENCHMARKING
650 _aCOLLEGES
650 _aCONTRACT MANAGEMENT
650 _aCONTRACTING OUT
650 _aFACILITIES MANAGEMENT
_96240
650 _aFINANCIAL CONTROL
650 _aFURTHER EDUCATION COLLEGES
690 _aOFFICE SERVICES AND ADMINISTRATION
710 _aUnited Kingdom
_bNational Audit Office
_91350
710 _aUniversity of Reading
_93273
710 _aFBA Limited
_93541
942 _n0
948 _c30/09/1997
999 _c96676
_d96676